LIBRARY & INFORMATION CENTRE, KCAET, TAVANUR

ONLINE PUBLIC ACCESS CATALOGUE (OPAC)

Kavi bharati / (Record no. 8427)

MARC details
000 -LEADER
fixed length control field 00492cam a2200205ua 4500
041 ## - LANGUAGE CODE
Language code of text/sound track or separate title hin
082 ## - DEWEY DECIMAL CLASSIFICATION NUMBER
Classification number 891.54
Item number SUM/KA
100 ## - MAIN ENTRY--AUTHOR NAME
Personal name Sumitrananda, Pant.
245 ## - TITLE STATEMENT
Title Kavi bharati /
250 ## - EDITION STATEMENT
Edition statement 1 /
260 ## - PUBLICATION, DISTRIBUTION, ETC. (IMPRINT)
Place of publication :
Name of publisher Sahithya Sadan ,
Year of publication 1955.
300 ## - PHYSICAL DESCRIPTION
Number of Pages 735 ; .
700 1# - ADDED ENTRY--PERSONAL NAME
Personal name Balkrishna Rav, .
700 1# - ADDED ENTRY--PERSONAL NAME
Personal name Nagendra, .
942 ## - ADDED ENTRY ELEMENTS (KOHA)
Koha item type Books
Holdings
Withdrawn status Lost status Damaged status Home library Current library Date acquired Full call number Accession Number Koha item type
Withdrawn     KAUAET Sanskrit University 07/04/2012 891.54 2979 Books
free website counter